Fenerbahçe Teknik Direktörleri - Armageddon - Statistics

General Stats
  • This quiz has been taken 302 times
    225 since last reset
  • The average score is 7 of 15
Answers on the Grid
Answers color-coded by a green-red scale on the quiz's grid according to % correct below.
Christoph Daum
Jean Tigana
Laurent Blanc
İsmail Kartal
Joachim Löw
Zico
José Mourinho
Aykut Kocaman
Şenol Güneş
Dick Advocaat
Holger Osieck
Rıza Çalımbay
Fatih Terim
Ersun Yanal
Héctor Cúper
Massimiliano Allegri
Okan Buruk
Jorge Jesus
Vítor Pereira
Mircea Lucescu
Hans-Peter Briegel
Werner Lorant
Ertuğrul Sağlam
Roberto Mancini
Domenico Tedesco
Samet Aybaba
Mustafa Denizli
Erol Bulut
Bernd Schuster
Luis Aragonés
 
Answer Stats
Answer % Correct
José Mourinho
69%
İsmail Kartal
67%
Christoph Daum
63%
Aykut Kocaman
61%
Vítor Pereira
59%
Domenico Tedesco
55%
Jorge Jesus
54%
Zico
48%
Ersun Yanal
45%
Erol Bulut
44%
Dick Advocaat
43%
Joachim Löw
38%
Luis Aragonés
28%
Werner Lorant
24%
Holger Osieck
3%
No matching quizzes found
Score Distribution
Percent of People with Each Score
Percentile by Number Answered
Your Score History
You have not taken this quiz since the last reset